000 00566nam a2200229Ia 4500
003 OSt
005 20220928150215.0
006 a|||||r|||| 00| 0
007 ta
008 220927b |||||||| |||| 00| 0 eng d
024 _a89026
037 _cTextual
040 _aSDCL
_cSDCL
_beng
041 _2eng
_aeng
082 _aX:8D, M3
100 _aHampton John J
245 0 _aFinancial decision making
_b Concepts, problems, & cases
250 _a3
260 _c1983
942 _hX:8D, M3
_cTEXL
_2CC
999 _c840774
_d840774